LEADER 01297cam0-22004691i-450- 001 990007484150403321 005 20140603125236.0 010 $a88-15-05221-6 035 $a000748415 035 $aFED01000748415 035 $a(Aleph)000748415FED01 035 $a000748415 100 $a20030814d1996----km-y0itay50------ba 101 0 $aita 102 $aIT 105 $ay-------001yy 200 1 $a<>politiche contro la povertà in Italia$fNicola Negri, Chiara Saraceno 210 $aBologna$cil Mulino$d1996 215 $a320 p.$d22 cm 225 1 $aStudi e ricerche$v362 610 0 $aItalia$aPovertà 610 0 $aItalia$aPolitica sociale 610 0 $aPovertà$aItalia 676 $a20140 676 $a338.945 700 1$aNegri,$bNicola$0126023 701 1$aSaraceno,$bChiara$f<1942- >$0367963 801 0$aIT$bUNINA$gRICA$2UNIMARC 901 $aBK 912 $a990007484150403321 952 $aXV G2 99$b566$fDTE 952 $aL-IV-229$b11378$fDDRC 952 $a20140 NEG$b16475$fSES 952 $aCOLLEZ. 103 (362)$b27536$fFSPBC 952 $aA-It 0406$bB.F.L.F.30228$fILFGE 959 $aILFGE 959 $aDDRC 959 $aDTE 959 $aSES 959 $aFSPBC 996 $aPolitiche contro la povertà in Italia$9675114 997 $aUNINA LEADER 01398nam0 2200313 i 450 001 SUN0007414 005 20070620120000.0 010 $a88-8114-587-1 020 $aIT$b98 10088 100 $a20020826d1997 |0itac50 ba 101 $aita 102 $aIT 105 $a||||Z 1|||| 200 1 $aˆLe ‰norme standard sulle pari opportunità dei disabili$fa cura di Maria Rita Saulle 205 $aNapoli : Edizioni scientifiche italiane$b[1997] 210 $d147 p. ; 24 cm 215 $aAtti di un convegno tenuto a Roma nel 1995. - Con una scelta di documenti. 410 1$1001SUN0007757$12001 $aScienze del diritto e dell'economia$fcollana diretta da Maria Rita Saulle$v17$1210 $aNapoli$cEdizioni scientifiche italiane$d1990-. 606 $aMinorati$xAssistenza$xLegislazione$xCongressi$x1995$2FI$3SUNC004423 620 $dNapoli$3SUNL000005 676 $a344.450324$v21 702 1$aSaulle$b, Maria Rita$3SUNV000242 712 $aESI$3SUNV000952$4650 801 $aIT$bSOL$c20181109$gRICA 912 $aSUN0007414 950 $aUFFICIO DI BIBLIOTECA DEL DIPARTIMENTO DI GIURISPRUDENZA$d00 CONS XV.H.5 $e00 13239 995 $aUFFICIO DI BIBLIOTECA DEL DIPARTIMENTO DI GIURISPRUDENZA$h13239$kCONS XV.H.5$op$qa 996 $aNorme standard sulle pari opportunità  dei disabili$9755369 997 $aUNICAMPANIA